000
00139 a2200073 4500
020
_a
9781920376789
082
_a
AF VANN
245
_a
GEDORIEWAAR
999
_c
783526
_d
783525
942
_w
13408
_x
Ambros Sikutu
_y
13408
_z
Ambros Sikutu